000 00930nam a2200265 a 4500
001 000019475
005 20250602153529.0
008 100629s2005 sp c 000 0 spa d
020 _a8497647521
040 _aDO-SdBNP
_bspa
_cBNPHU
082 _a923.6
_bM536S
100 1 _aFrutos Sánchez, David de
_941836
245 1 0 _aRigoberta Menchú /
_cDavid de Frutos Sánchez ; presentación Rigoberta Menchú Tum.
260 _aMadrid :
_bEdimat Libros,
_c2005.
300 _a191 p. :
_bretr. ;
_c23 cm.
490 1 _aMujeres en la historia
500 _aIncluye datos biográficos del autor en la solapa de la cubierta
504 _aIncluye referencias bibliográficas ( p. 191)
600 0 _aMenchú, Rigoberta,
_d1959-
_941837
650 4 _aPremios nobel de la paz
_941838
650 4 _aIndigenas de guatemala
_941839
700 1 _aManchú Tum, Rigoberta
_941840
830 0 _aMujeres en la historia
_941760
049 _aBNPD
999 _c18991
_d18991